| 000 | 00796nam a2200277 a 4500 | ||
|---|---|---|---|
| 003 | AR-BaBNM | ||
| 005 | 20251128203331.0 | ||
| 008 | 082120s2002 ||||||||||||||000 | spa|| | ||
| 040 | _cAR-BaBNM | ||
| 100 | 1 | _aLevene, Ricardo | |
| 245 | 0 | 0 | _aIndependencia y organización constitucional |
| 260 |
_aBuenos Aires _bJackson _c1940 |
||
| 300 |
_a439 p. _bil., láms. |
||
| 490 | 0 |
_aHistoria de América _vv. 5 |
|
| 504 | _aBibliografía para consultar p. 433-439 | ||
| 650 | 4 | _aHISTORIA ARGENTINA | |
| 650 | 4 | _aSIGLO DIECINUEVE | |
| 650 | 4 | _aHISTORIA LATINOAMERICANA | |
| 650 | 4 | _aORGANIZACION NACIONAL | |
| 653 | _aINDEPENDENCIAS AMERICANAS | ||
| 700 | 1 | _aHeras, carlos | |
| 700 | 1 | _aBenítez, Justo Pastor | |
| 800 | 1 |
_aLevene, Ricardo _edirector |
|
| 942 | _cBK | ||
| 998 | _cMariana | ||
| 999 |
_c2946 _d2946 |
||